000 00738cam a22002171i 4500
001 e 09000597
003 DLC
005 20260227111150.0
008 790402s1850 fr 000 0 fre c
010 _ae 09000597
035 _a(OCoLC)4812058
040 _aLibrary, U.S. Bur. of Education
_cMiKW
_dMiKW
_dDLC
042 _apremarc
050 0 0 _aLF2166
_b.T5
100 1 _aThurot, Charles,
_d1823-1882.
245 1 0 _aDe l'organisation de l'enseignement dans l'Université de Paris, au moyen-âge ... /
_cpar Charles Thurot.
260 _aParis :
_bDezobry, E. Magdeleine, et cie,
_c1850.
300 _a[4] leaves, 213, 16 p. ;
_c22 cm.
502 _aThèse - Faculté des lettres de Paris.
610 2 0 _aUniversité de Paris
_xHistory.
999 _c18793
_d18793